书目信息 |
| 题名: |
耶稣传 第一卷
|
|
| 作者: | 施特劳斯 , 施特劳斯 著 | |
| 分册: | ||
| 出版信息: | 北京 商务印书馆 1981.02 |
|
| 页数: | 464页 | |
| 开本: | 32开 | |
| 丛书名: | ||
| 单 册: | ||
| 中图分类: | B976.3 | |
| 科图分类: | ||
| 主题词: | 基督教 | |
| 电子资源: | ||
| ISBN: | 7-100-01696-7 | |
| 000 | 00606nam0 2200205 45 | |
| 001 | 0010090805 | |
| 005 | 20001009082407.9 | |
| 010 | @a7-100-01696-7@d15.20元 | |
| 100 | @a20001009d1981 km y0chiy0120 ea | |
| 101 | 0 | @achi |
| 105 | @a z 000yy | |
| 200 | 1 | @a耶稣传 第一卷@AYe Su Chuan Di Yi Juan@f(德)施特劳斯著;吴永泉译@F(De)Shi Te Lao Si Zhu;Wu Yong Quan Yi |
| 210 | @a北京@c商务印书馆@d1981.02 | |
| 215 | @a464页@d32开 | |
| 606 | 0 | @a基督教 |
| 690 | @aB976.3@v3 | |
| 701 | 0 | @a施特劳斯@4著 |
| 701 | 0 | @a施特劳斯@4著 |
| 801 | @aCN@bPftUser@c20001009 | |
| 905 | @b166146-148@dB976.3@eSH806:1@f3 | |
| 耶稣传 第一卷/(德)施特劳斯著;吴永泉译.-北京:商务印书馆,1981.02 |
| 464页;32开 |
| ISBN 7-100-01696-7:15.20元 |
| ● |
| 相关链接 |
|
|
|
正题名:耶稣传第一卷
索取号:B976.3/SH806:1
 
预约/预借
| 序号 | 登录号 | 条形码 | 馆藏地/架位号 | 状态 | 备注 |
| 1 | 166146 | 201661460 | 自科二线400A/ [索取号:B976.3/SH806:1] |
已借出,限还日期为2008.10.13 借出人:王世翔 |
|
| 2 | 166147 | 201661479 | 自科二线400A/509社科库 54排6列6层/ [索取号:B976.3/SH806:1] | 在馆 | |
| 3 | 166148 | 201661488 | 自科二线400A/409社科库 25排2列2层/ [索取号:B976.3/SH806:1] | 在馆 |